书目信息 |
| 题名: |
工程造价管理
|
|
| 作者: | 丰艳萍 , 邹坦 , 冯羽生 主编 | |
| 分册: | ||
| 出版信息: | 北京 机械工业出版社 2020.1 |
|
| 页数: | 284页 | |
| 开本: | 26cm | |
| 丛书名: | ||
| 单 册: | ||
| 中图分类: | TU723.31 | |
| 科图分类: | ||
| 主题词: | 建筑造价管理--高等教育--教材 | |
| 电子资源: | ||
| ISBN: | 978-7-111-49705-9 | |
| 000 | 01167nam0 2200277 45 | |
| 001 | 012001001649 | |
| 005 | 20211013150230.81 | |
| 010 | @a978-7-111-49705-9@dCNY39.00 | |
| 100 | @a20150818d2015 em y0chiy50 ea | |
| 101 | 0 | @achi |
| 102 | @aCN@b110000 | |
| 105 | @ay z 000yy | |
| 106 | @ar | |
| 200 | 1 | @a工程造价管理@Agong cheng zao jia guan li@b专著@f丰艳萍,邹坦,冯羽生主编 |
| 205 | @a2版 | |
| 210 | @a北京@c机械工业出版社@d2020.1 | |
| 215 | @a284页@d26cm | |
| 300 | @a普通高等教育工程造价类专业“十二五”系列规划教材 | |
| 330 | @a本书内容包括工程造价和工程造价管理基础知识、建设项目全过程工程造价管理、建设项目造价审计和建设项目造价管理新方法四部分。根据工程管理、工程造价本科教学大纲要求,基于GB50500-2013《建设工程工程量清单计价规范》《建筑安装工程费用项目组成》(建标[2013]44号)等相关标准规范全面介绍了建设项目的工程造价组成、工程计价原理、计价模式和全过程造价管理的内容与方法。 | |
| 606 | 0 | @a建筑造价管理@x高等教育@j教材 |
| 690 | @aTU723.31@v5 | |
| 701 | 0 | @a丰艳萍@Afeng yan ping@4主编 |
| 701 | 0 | @a邹坦@Azou tan@4主编 |
| 701 | 0 | @a冯羽生@Afeng yu sheng@4主编 |
| 801 | 0 | @aCN@bBJSDL@c20211011 |
| 905 | @b1336676-9@dTU723.31@e1967=2@f4 | |
| 工程造价管理/丰艳萍,邹坦,冯羽生主编.-2版.-北京:机械工业出版社,2020.1 |
| 284页;26cm |
| 普通高等教育工程造价类专业“十二五”系列规划教材 |
| ISBN 978-7-111-49705-9:CNY39.00 |
| 本书内容包括工程造价和工程造价管理基础知识、建设项目全过程工程造价管理、建设项目造价审计和建设项目造价管理新方法四部分。根据工程管理、工程造价本科教学大纲要求,基于GB50500-2013《建设工程工程量清单计价规范》《建筑安装工程费用项目组成》(建标[2013]44号)等相关标准规范全面介绍了建设项目的工程造价组成、工程计价原理、计价模式和全过程造价管理的内容与方法。 |
| ● |
| 相关链接 |
|
|
|
|
正题名:工程造价管理
索取号:TU723.31/1967=2
 
预约/预借
| 序号 | 登录号 | 条形码 | 馆藏地/架位号 | 状态 | 备注 |
| 1 | 1336676 | 213366766 | 第二样本阅览室/ [索取号:TU723.31/1967=2] | 在馆 | |
| 2 | 1336677 | 213366775 | 第三借阅区/ [索取号:TU723.31/1967=2] | 在馆 | |
| 3 | 1336678 | 213366784 | 第三借阅区/ [索取号:TU723.31/1967=2] | 在馆 | |
| 4 | 1336679 | 213366793 | 第三借阅区/ [索取号:TU723.31/1967=2] | 在馆 |